[Event "Harmon Memorial"]
[Site "Seattle"]
[Date "2024.03.02"]
[Round "3"]
[White "Zhou, David"]
[Black "Lu, Yiding"]
[Result "0-1"]
[WhiteElo "2080"]
[BlackElo "2171"]
[Annotator "Ralph Dubisch"]
[PlyCount "104"]
[GameId "2046613759685081"]
[EventDate "2024.03.02"]
[EventType "swiss"]
[EventRounds "5"]
[EventCountry "USA"]
[SourceVersionDate "2020.12.21"]

{[%evp 0,104,19,31,14,1,-3,-20,-11,-15,5,5,3,12,14,15,12,-1,1,9,0,-46,-29,-39,-2,-24,-4,-9,10,-27,7,-6,27,38,66,-10,25,27,58,36,93,-47,-47,-9,-37,-41,50,24,48,11,9,0,36,8,103,90,90,76,76,87,45,29,56,130,109,-15,0,0,-71,-69,-69,-69,-97,-139,-47,-166,-107,-97,-100,-166,-165,-186,-159,-252,-255,-249,-235,-223,-244,-379,-223,-291,-269,-295,-313,-941,-1002,-1064,-777,-29991,-711,-29983,-625,-840,-1069,-29999,-29999]} 1. d4 Nf6 2. c4 e6 3. g3 d5 4. Nf3 Be7 5. Bg2 O-O 6. O-O c6 ({A solid alternative to the standard Catalan} 6... dxc4 {.}) 7. Qc2 b6 8. Nbd2 c5 ({8...c5 is actually engine approved. In human practice,} 8... Bb7 {is both the most played and most successful, with rough equality. After} 9. e4 Na6 $5 {reaches somewhat unusual positions.}) 9. cxd5 exd5 10. e4 ({White blows open the center, hoping to freeze the black pawns and perhaps activate that g2-bishop on the long diagonal. It is possible to throw in} 10. dxc5 bxc5 {first, then hit the center with} 11. e4 {, which could transpose to the game after} Nc6 {, but avoids at least one potentially unpleasant side line mentioned below.}) ({Completely different play would come from} 10. Ne5 {, going for piece activity. White is completely unworried about} cxd4 11. Nb3 {with nice squares in the center for knights.}) 10... Nc6 11. dxc5 bxc5 ({Stockfish suggests the tempo gain against the f1-rook,} 11... Ba6 {, and after} 12. Re1 Bxc5 $1 {drawing attention to the underdefended pawn on f2.}) 12. a3 Ba6 13. Re1 d4 (13... dxe4 {will definitely leave Black with a weak c-pawn, but there tends to be dynamic compensation.} 14. Qa4 (14. Nxe4 Bd3 15. Nxf6+ Bxf6 $13) 14... Qb6 (14... exf3 15. Qxc6 fxg2 16. Qxa6 $13) 15. Nxe4 Bb5 16. Qc2 Rad8 {and Black's activity feels quite sufficient to balance any small structural defects.}) 14. Qa4 ({White also has interesting choices here.} 14. e5 Nd5 15. e6 $5) (14. Nc4) 14... Qb6 (14... Bb7 $5) 15. e5 $1 Bb5 16. Qb3 Ne8 17. Nc4 (17. e6 $5 $14 {plans a4 and Ne5 to exploit the long diagonal. For example,} Nd6 18. exf7+ Rxf7 19. a4 Ba6 20. Qxb6 axb6 21. Ne5 Nxe5 22. Bxa8 {, although Black can perhaps still drum up some kind of counterplay with} Nd3 {. Here} 23. Re6 $1 $14 {suggests the complications continue.}) 17... Bxc4 18. Qxc4 Na5 (18... Nc7 {first to connect the rooks.}) 19. Qc2 (19. Qa4 {looks a more aggressive placement:} Nb3 (19... Nc7 20. b4 $1 cxb4 21. axb4 (21. Nxd4 $5 Qxd4 $4 22. Be3 $18) 21... Bxb4 22. Bd2 $1 {White is down a pawn, but the awkward arrangement of black pieces means trouble.}) 20. Nd2 $1 Nxa1 21. Bxa8 $16) 19... Rd8 (19... Nb3 20. Rb1 Nc7 21. Nd2 Rab8 $14) 20. Bg5 (20. b4 $1 cxb4 21. axb4 Bxb4 22. Rb1 Qc5 23. Qxc5 Bxc5 {and again Black has an extra pawn, but the engine strongly prefers White. One line:} 24. Bd2 Nc4 25. Bg5 f6 26. exf6 gxf6 27. Bh6 Rf7 28. Bh3 Na3 29. Rb3 Ng7 30. Rc1 {. Harmony. The black knights are particularly problematic here.}) 20... Bxg5 21. Nxg5 d3 $1 22. Qc3 Nc7 $6 (22... d2) (22... c4 $13) 23. b4 $1 Nb7 24. bxc5 (24. Reb1) 24... Nxc5 25. Rab1 Na4 (25... Nb5 $5) 26. Qc4 Qa5 $2 (26... Rd4 $1 $13) 27. Qe4 (27. Be4 $1 h6 28. Nxf7 $1 Rxf7 29. Bg6 Nd5 30. Bxf7+ Kxf7 31. e6+ Kg8 32. Qxd3 {when rook plus two dangerous pawns should overpower two uncoordinated knights.}) 27... g6 28. Qh4 h5 29. Nxf7 $1 d2 $1 30. Red1 Rd7 31. Nh6+ Kg7 (31... Kh8 32. Ng4 Rdf7 33. Nf6 $16 ({or} 33. Be4 $16)) 32. Bc6 $4 (32. Bh3 $1 Qc5 33. Nf5+ $3 gxf5 34. Qg5+ Kh8 35. Bxf5 {and White's piece sacrifice has opened up the black king.} Rg7 36. Qxh5+ Kg8 37. Rxd2 {, but it isn't the four pawns for the piece that wins for White; it's the coming rook lift heading toward the h-file. The best defense the engine can offer is} Nc3 38. Rb4 N3d5 39. Rc2 (39. Rh4 Rxf5 40. Qxf5 Qc1+ 41. Kg2 Qxd2 42. Qc8+ Kf7 43. Qd7+ Kg8 $1 {is only a draw.}) 39... Qe7 40. Rg4 Rxg4 41. Qxg4+ Qg7 42. Qxg7+ Kxg7 43. Be4 {-- and now it really is the four pawns.}) 32... Qc5 $1 33. Qxa4 (33. Bxd7 Qxf2+ 34. Kh1 Qf3+ $1 (34... Nc3 $2 35. Rxd2 $1 Qf3+ (35... Qxd2 $4 36. Qe7+ Kxh6 37. Qxf8+ Kh7 {and Stockfish points out that even better than} 38. Rf1 $18 {is} (38. Be6 $3 {with the point} Nxe6 39. Rb7+ {.})) 36. Rg2 $1 Nxb1 37. Nf5+ $1 Rxf5 38. Bxf5 {and Black should take the draw.}) 35. Kg1 Nc3 36. Rxd2 Qe3+ 37. Kh1 Kxh6 $1 $19) 33... Rd4 $1 34. Qb3 Qxc6 35. Qe3 Ne6 36. Rxd2 Rf3 37. Qe2 ({White's knight remains trapped on the kingside.} 37. Rc2 Qd5 38. Qc1 Rb3 ({If Black lacks precision with, for example} 38... Rfd3 {, White can pounce:} 39. Rc7+ $1 Nxc7 40. Nf5+ $1 gxf5 41. Qg5+ {with at least a perpetual check.}) 39. Rcb2 Rc4 {and White's best appears to be the ending} 40. Qxc4 Qxc4 41. Rxb3 Nd4 42. Re3 Ne2+ 43. Kg2 $17 {.}) 37... Qe4 $2 (37... Ng5 $1 38. Rxd4 Nh3+ 39. Kf1 Rxf2+ 40. Qxf2 Nxf2 {should win for Black.}) ({Also} 37... Rc3 {keeps the pressure.}) 38. Qxe4 Rxe4 39. Rb8 (39. Kg2 Rf8 40. Nf5+ Rxf5 41. Rb7+ Rf7 42. Rxf7+ Kxf7 43. Rd7+ Kg8 44. Rxa7 Rxe5 45. a4 {offers good practical chances to hold the ending.}) 39... Kxh6 40. Rd7 (40. Kg2 Rf7 41. f4 $15 {It is extremely difficult to evaluate and create plans in these positions.}) 40... Rxe5 (40... Re2 41. h4 Nf8 {makes it tough to find something useful for White.}) 41. h4 (41. Re8 Nf8 42. Rxe5 Nxd7 43. Ra5 {An outside passed a-pawn makes the ending much more difficult for the black knight.}) ({White could remove the a-pawn directly, but double-rook endings seem to increase Black's winning chances.} 41. Rxa7 Re2 42. Re7 Kg5 $17 ({Not} 42... Rfxf2 $4 43. h4 $1 {when the threat of mate on h8 forces Black to repeat checks for the draw.} ({Trying to tactic off the piece, however, is a fatal error.} 43. Rxe6 $4 Rg2+ 44. Kf1 Ref2+ 45. Ke1 Ra2 46. Kf1 Rxh2 47. Kg1 Rag2+ 48. Kf1 Rxg3 $19))) 41... Nf8 $1 42. Rd2 Ref5 43. a4 Ra3 44. Rd4 (44. Rb7 Rxa4 {should be winning for Black, with the passed pawn working in the other direction.}) 44... Ne6 (44... Ra1+ 45. Kg2 Ra2 46. Rf4 Rxf4 47. gxf4 Ne6 $19) 45. Rd2 Nc5 46. Rb5 (46. Rh8+ Kg7 47. Rc8 Nd3 48. Kg2 Rf7 49. Re8 {holds on for a little while, but doesn't change the outcome.}) 46... Rxa4 $19 {Black is winning. The scoresheet says things go a bit crazy in the last few moves, so we can leave off annotating here. A fantastic battle by both players.} 47. Rd7 Ra1+ 48. Kg2 Ra2 49. g4 hxg4 50. Kg3 Raxf2 51. Rxc5 R2f3+ 52. Kxg4 R5f4# 0-1